000 00552nam a22001697a 4500
003 NUST
038 _aNusrat Nadeem
082 _a200
100 _aAhmad, Zaheer
_9122976
245 _aGauging the Relation of Customer Satisfaction & Network Quality with Net Promoter Score (Zong)
_c Zaheer Ahmad,
264 _aIslamabad,
_bNBS NUST,
_c2024
300 _a39,p.
_bill;
_c30cm.
650 _aEMBA Thesis
_917645
700 _aSupervisor: Dr. Muhammad Waqas
_9123056
856 _uhttp://10.250.8.41:8080/xmlui/handle/123456789/43555
942 _2ddc
_cTHE
999 _c609329
_d609329